| 000 | 01227cam a2200325 a 4500 | ||
|---|---|---|---|
| 001 | 15389630 | ||
| 003 | OSt | ||
| 005 | 20160310142146.0 | ||
| 008 | 080731s2007 ug a b f000 0 eng | ||
| 010 | _a 2008346703 | ||
| 020 | _a9789970026067 | ||
| 040 |
_aDLC _cDLC _dDLC |
||
| 042 | _alcode | ||
| 043 | _af-ug--- | ||
| 050 | 0 | 0 |
_aHQ1236.5.U33 _bS58 2007 |
| 082 |
_a305.3 _bSIT 2007 |
||
| 245 | 0 | 0 | _aSituation analysis of the gender terrain at Makerere University. |
| 260 |
_aKampala : _bFountain Publishers on behalf of Gender Mainstreaming Division, Office of the Academic Registrar, Makerere University, _c2007. |
||
| 300 |
_axxx, 143 p. : _bill. ; _c25 cm. |
||
| 504 | _aIncludes bibliographical references. | ||
| 610 | 2 | 0 |
_aMakerere University. _bGender Mainstreaming Division. _97270 |
| 610 | 2 | 0 |
_aMakerere University _xStudents. _97271 |
| 650 | 0 |
_aGender mainstreaming _zUganda _zKampala _97272 |
|
| 650 | 0 |
_aWomen college students _zUganda _zKampala. _97273 |
|
| 650 | 0 |
_aSex role _zUganda _zKampala. _97274 |
|
| 710 | 2 |
_aMakerere University. _bGender Mainstreaming Division. _97275 |
|
| 906 |
_a7 _bcbc _corigode _d3 _encip _f20 _gy-gencatlg |
||
| 942 |
_2ddc _cSLOAN |
||
| 999 |
_c3234 _d3234 |
||